000 00770cam a2200229 a 4500
001 2141638
005 20180301065702.0
008 980305s1999 njua b 001 0 eng
010 _a 98015739
020 _a0130952702
040 _aDLC
_cDLC
_dDLC
041 _aeng
080 _a372.357 ROB
082 0 0 _a372.357 ROB
_221
100 1 _a25
101 _aEDU
245 1 0 _aEnvironmental issues :
_cRobert L. McConnell, Daniel C. Abel.
504 _aIncludes bibliographical references and index.
906 _a7
_bcbc
_corignew
_d1
_eocip
_f19
_gy-gencatlg
942 _2ddc
_cBK
999 _c43817
_d43817